000 00354 a2200157 4500
001 149195
040 _cEscola São Tomás de Aquino
100 _aBETTO, Frei
240 1 0 _aA menina e o elefante
_lpor
245 1 0 _aA menina e o elefante
300 _a47
362 0 _a1990
440 1 _aFTD
697 _a*LITERATURA INFANTO JUVENIL
942 _cBK
999 _c149195
_d149195